| 000 -LEADER |
| fixed length control field |
00729nam a2200229Ka 4500 |
| 003 - CONTROL NUMBER IDENTIFIER |
| control field |
OSt |
| 005 - DATE AND TIME OF LATEST TRANSACTION |
| control field |
20250110161926.0 |
| 008 - FIXED-LENGTH DATA ELEMENTS--GENERAL INFORMATION |
| fixed length control field |
050415t20052004nyua j 000 1 eng |
| 020 ## - INTERNATIONAL STANDARD BOOK NUMBER |
| International Standard Book Number |
9780689871665 |
| 040 ## - CATALOGING SOURCE |
| Original cataloging agency |
JSZ |
| Transcribing agency |
JSZ |
| Modifying agency |
CWJ |
| -- |
CaOL |
| 082 ## - DEWEY DECIMAL CLASSIFICATION NUMBER |
| Classification number |
FIC WIL |
| 100 1# - MAIN ENTRY--PERSONAL NAME |
| Personal name |
Willans, Tom. |
| 245 10 - TITLE STATEMENT |
| Title |
Wait! I want to tell you a story / |
| Statement of responsibility, etc. |
written and illustrated by Tom Willans. |
| 250 ## - EDITION STATEMENT |
| Edition statement |
1st U.S. ed. |
| 260 ## - PUBLICATION, DISTRIBUTION, ETC. |
| Place of publication, distribution, etc. |
New York : |
| Name of publisher, distributor, etc. |
Simon & Schuster Books for Young Readers, |
| Date of publication, distribution, etc. |
2005, c2004. |
| 300 ## - PHYSICAL DESCRIPTION |
| Extent |
[26] p. : |
| Other physical details |
chiefly col. ill. |
| 500 ## - GENERAL NOTE |
| General note |
First published in Great Britain in 2004 by Boxer Books Ltd. |
| 650 #0 - SUBJECT ADDED ENTRY--TOPICAL TERM |
| Topical term or geographic name entry element |
Muskrat |
| Form subdivision |
Fiction. |
| 650 #0 - SUBJECT ADDED ENTRY--TOPICAL TERM |
| Topical term or geographic name entry element |
Tiger |
| Form subdivision |
Fiction. |
| 650 #0 - SUBJECT ADDED ENTRY--TOPICAL TERM |
| Topical term or geographic name entry element |
Storytelling |
| Form subdivision |
Fiction. |
| 942 ## - ADDED ENTRY ELEMENTS (KOHA) |
| Source of classification or shelving scheme |
|
| Koha item type |
Books - Fiction |